000 00484nam a2200181Ia 4500
005 20250326124024.0
008 250326s9999 xx 000 0 und d
037 _aTextbook
040 _aFMSL
_beng
_cFMSL
041 _aeng
_2eng
084 _aXogB28 K8
_qFMSL
100 _aFox K A
_9736625
245 0 _aIntermediate economic statistics
_cFox K A
260 _aNY
_bNY, John Wiley
_c1968
300 _a568p
942 _cTB
_hXogB28 K8
999 _c1271930
_d1271930